Rozpočet rozpočtovej kapitoly Ministerstva zdravotníctva SR, analýza rozpočtového hospodárenia s výhľadom do roku 2011 diplomová práca

Salvato in:
Dettagli Bibliografici
Autore principale: Pidychová, Andrea
Ente Autore: Národohospodárska fakulta EU. Katedra financií
Altri autori: Baláži, Peter
Natura: Libro
Lingua:slovacco
Pubblicazione: Bratislava 2011
Tags: Aggiungi Tag
Nessun Tag, puoi essere il primo ad aggiungerne!!

MARC

LEADER 00000nbm a2200000 4500
001 0130966
005 20161109101635.1
041 0 |a slo 
044 |a SK 
245 1 0 |a Rozpočet rozpočtovej kapitoly Ministerstva zdravotníctva SR, analýza rozpočtového hospodárenia s výhľadom do roku 2011  |b diplomová práca  |c Andrea Pidychová ; školiteľ: Peter Baláži 
264 1 |a Bratislava  |c 2011 
300 |a 75 s. 
100 1 |a Pidychová, Andrea 
700 1 |a Baláži, Peter 
710 2 |a Národohospodárska fakulta EU. Katedra financií